| 000 | 00711nam a22001697a 4500 | ||
|---|---|---|---|
| 999 |
_c14980 _d14980 |
||
| 003 | AR-CdUCM | ||
| 008 | 190425b ||||| |||| 00| 0 spa d | ||
| 040 |
_aMUNICIPALIDAD PROVINCIAL DEL CUSCO _cBIBLIOTECA MUNICIPAL DEL CUSCO |
||
| 082 |
_aC / 051.985 / _bC569 |
||
| 245 |
_aCiencias y artes : _bórgano de la gran unidad escolar Inca Garcilaso de la Vega / |
||
| 260 |
_aCuzco : _bIGV, _c1958. |
||
| 300 |
_a118 páginas ; _c21 cm. |
||
| 440 |
_aCiencias y artes _n03 _933966 |
||
| 505 | _aLa orientación vocacional del alumno -- El proceso de aprendizje y enseñanza -- Los fundamentos psicologicos de las actividades dirigidas -- Informe sobre el concurso ortográfico... | ||
| 942 |
_2ddc _cPP |
||
| 945 | _awfj | ||